Recent state legislation for physical education / (Record no. 20506)

MARC details
000 -LEADER
fixed length control field 01092cam a22002771a 4500
001 - CONTROL NUMBER
control field e 22000274
003 - CONTROL NUMBER IDENTIFIER
control field DLC
005 - DATE AND TIME OF LATEST TRANSACTION
control field 20260227111213.0
008 - FIXED-LENGTH DATA ELEMENTS--GENERAL INFORMATION
fixed length control field 841019s1922 dcu f000 0 eng c
010 ## - LIBRARY OF CONGRESS CONTROL NUMBER
LC control number e 22000274
035 ## - SYSTEM CONTROL NUMBER
System control number (OCoLC)11285132
040 ## - CATALOGING SOURCE
Original cataloging agency Library, U.S. Office of Education
Transcribing agency ABAU
Modifying agency ABAU
-- DLC
042 ## - AUTHENTICATION CODE
Authentication code premarc
050 00 - LIBRARY OF CONGRESS CALL NUMBER
Classification number L111
Item number .A6 1922, no. 1
051 ## - LIBRARY OF CONGRESS COPY, ISSUE, OFFPRINT STATEMENT
Classification number LB2525
Item number .S8 1922
100 1# - MAIN ENTRY--PERSONAL NAME
Personal name Storey, Thomas A.
Fuller form of name (Thomas Andrew),
Dates associated with a name 1875-1943.
245 10 - TITLE STATEMENT
Title Recent state legislation for physical education /
Statement of responsibility, etc. by Thomas A. Storey, Willard S. Small, Elon G. Salisbury.
260 ## - PUBLICATION, DISTRIBUTION, ETC.
Place of publication, distribution, etc. Washington :
Name of publisher, distributor, etc. G.P.O.,
Date of publication, distribution, etc. 1922.
300 ## - PHYSICAL DESCRIPTION
Extent 40 p. ;
Dimensions 23 cm.
490 1# - SERIES STATEMENT
Series statement Bulletin / Dept. of the Interior, Bureau of Education ;
Volume/sequential designation 1922, no. 1
504 ## - BIBLIOGRAPHY, ETC. NOTE
Bibliography, etc. note Includes bibliographical references.
650 #0 - SUBJECT ADDED ENTRY--TOPICAL TERM
Topical term or geographic name entry element Physical education and training
General subdivision Law and legislation
Geographic subdivision United States
General subdivision States.
700 1# - ADDED ENTRY--PERSONAL NAME
Personal name Small, Willard S.
Fuller form of name (Willard Stanton),
Dates associated with a name 1870-1943.
700 1# - ADDED ENTRY--PERSONAL NAME
Personal name Salisbury, Elon G.
Fuller form of name (Elon Galusha)
830 #0 - SERIES ADDED ENTRY--UNIFORM TITLE
Uniform title Bulletin (United States. Bureau of Education) ;
Volume/sequential designation 1922, no. 1

No items available.

Powered by Koha